| 000 | 00488nam a2200169Ia 4500 | ||
|---|---|---|---|
| 999 |
_c19991 _d19991 |
||
| 003 | OSt | ||
| 005 | 20200606115618.0 | ||
| 008 | 190216s9999||||xx |||||||||||||| ||und|| | ||
| 020 | _a8121201187 | ||
| 040 | _coclc | ||
| 082 |
_a327.172 _bVYA/I |
||
| 100 |
_aVyas, R N _92589 |
||
| 245 | 0 |
_aIndian Wisdom And International Peace / _cR N Vyas |
|
| 260 |
_bGian Publishing House, _c1987. _aDelhi: |
||
| 300 | _a176p | ||
| 942 |
_cBK _2ddc _h327.172 _iVYA/I _k327.172 _mVYA/I |
||